<?xml version="1.0" encoding="utf-8"?>
<?xml-stylesheet type='text/xsl' href='./oai2.xsl'?>
<OAI-PMH xmlns="http://www.openarchives.org/OAI/2.0/" xmlns:xsi="http://www.w3.org/2001/XMLSchema-instance" xsi:schemaLocation="http://www.openarchives.org/OAI/2.0/ http://www.openarchives.org/OAI/2.0/OAI-PMH.xsd">
  <responseDate>2026-06-03T20:36:47Z</responseDate>
  <request verb="GetRecord" metadataPrefix="marcxml" identifier="record_kuniweb_1376435">https://kulturerbe.niedersachsen.de/oai</request>
  <GetRecord>
    <record>
      <header>
        <identifier>record_kuniweb_1376435</identifier>
        <datestamp>2024-02-22T10:22:04Z</datestamp>
        <setSpec>slg0242</setSpec>
      </header>
      <metadata>
        <marc:record xmlns:marc="http://www.loc.gov/MARC21/slim" xsi:schemaLocation="http://www.loc.gov/MARC21/slim http://www.loc.gov/standards/marcxml/schema/MARC21slim.xsd">
          <marc:leader>12345nrm  22     uu 4500</marc:leader>
          <marc:controlfield tag="001">1376435</marc:controlfield>
          <marc:controlfield tag="003">http://kuniweb.gbv.de</marc:controlfield>
          <marc:controlfield tag="005">2020-10-01T17:43:41</marc:controlfield>
          <marc:controlfield tag="008">|           ||||||||||||||||||||||</marc:controlfield>
          <marc:datafield tag="245" ind1="1" ind2="0">
            <marc:subfield code="a">Geröllkeule mit angefangener Durchlochung</marc:subfield>
          </marc:datafield>
          <marc:datafield tag="655" ind1=" " ind2="7">
            <marc:subfield code="a">Archäologie</marc:subfield>
          </marc:datafield>
          <marc:datafield tag="046" ind1=" " ind2=" ">
            <marc:subfield code="k">-8699</marc:subfield>
            <marc:subfield code="k">Mesolithikum</marc:subfield>
            <marc:subfield code="l">-4099</marc:subfield>
          </marc:datafield>
          <marc:datafield tag="260" ind1=" " ind2=" ">
            <marc:subfield code="g">-8699</marc:subfield>
            <marc:subfield code="g">-4099</marc:subfield>
            <marc:subfield code="g">Mesolithikum</marc:subfield>
          </marc:datafield>
          <marc:datafield tag="300" ind1=" " ind2=" ">
            <marc:subfield code="a">Breite: 6 cm
Höhe: 3,7 cm
Länge: 9,3 cm</marc:subfield>
          </marc:datafield>
          <marc:datafield tag="520" ind1=" " ind2=" ">
            <marc:subfield code="a">Aus dem Landkreis Gifhorn sind mindestens 30 steinerne Keulenköpfe bekannt. Bei diesem Fund aus Seershausen (im Foto Vorder- und Rückseite) wurde die Durchlochung zur Aufnahme des hölzernen Schafts nicht fertiggestellt. Die steinernen Keulenköpfe wurden vermutlich multifunktional genutzt. Am wahrscheinlichsten ist eine Verwendung als Werkzeug oder Jagd- und Kampfwaffe, wobei eine zusätzliche Bedeutung als Statussymbol oder Prestigeobjekt nicht auszuschließen ist. Zeitlich sind die Stücke in das Mesolithikum und das frühe Neolithikum zwischen etwa 8700 und 4100 v. Chr. einzuordnen.  (Eichfeld / Baier 08/2020)

Literatur in Zusammenhang:
Eric Biermann, "Sogenannte Dell- und Geröllkeulen – Halbfabrikate und Fertigprodukte oder verschiedene Artefaktgruppen?" Archäologische Informationen 32/1&amp;2, 2009, 83-89.

Literatur in Zusammenhang:
K. Tackenberg, „Neue Geröllkeulen in Norddeutschland“, Quartär, Bd. 21. Leidorf, Rahden, Westf, S. 81-92, 1970.</marc:subfield>
          </marc:datafield>
          <marc:datafield tag="650" ind1="1" ind2=" ">
            <marc:subfield code="a">Werkzeug, Gerät</marc:subfield>
          </marc:datafield>
          <marc:datafield tag="773" ind1="0" ind2=" ">
            <marc:subfield code="t">Archäologische Sammlung</marc:subfield>
          </marc:datafield>
          <marc:datafield tag="852" ind1=" " ind2=" ">
            <marc:subfield code="a">Kreis- und Stadtarchäologie Gifhorn</marc:subfield>
          </marc:datafield>
          <marc:datafield tag="852" ind1=" " ind2=" ">
            <marc:subfield code="a">Seershausen (Meinersen, Gifhorn, Niedersachsen)</marc:subfield>
          </marc:datafield>
          <marc:datafield tag="" ind1=" " ind2=" ">
            <marc:subfield code="a">Namensnennung - Weitergabe unter gleichen Bedingungen 4.0 International (CC BY-SA 4.0)</marc:subfield>
          </marc:datafield>
        </marc:record>
      </metadata>
    </record>
  </GetRecord>
</OAI-PMH>
